Periodiska systemet - Statistics

General Stats
  • This quiz has been taken 640 times
  • The average score is 50 of 118
Answer Stats
Nummer Tecken Grundämne % Correct
2 He Helium
98%
1 H Väte
98%
6 C Kol
97%
3 Li Litium
96%
8 O Syre
96%
12 Mg Magnesium
93%
11 Na Natrium
93%
17 Cl Klor
90%
47 Ag Silver
90%
13 Al Aluminium
89%
30 Zi Zink
89%
7 N Kväve
88%
26 Fe Järn
86%
79 Au Guld
85%
29 Cu Koppar
85%
18 Ar Argon
82%
20 Ca Kalcium
82%
19 K Kalium
82%
15 P Fosfor
79%
10 Ne Neon
79%
9 F Flour
78%
5 B Bor
77%
4 Be Beryllium
75%
24 Cr Krom
75%
28 Ni Nickel
74%
16 S Svavel
73%
22 Ti Titan
71%
35 Br Brom
69%
54 Xe Xenon
63%
27 Co Kobolt
62%
82 Pb Bly
61%
31 Ga Gallium
60%
80 Hg Kvicksilver
60%
92 U Uran
60%
14 Si Kisel
59%
25 Mn Mangan
55%
86 Rn Radon
55%
34 Se Selen
55%
33 As Arsenik
54%
32 Ge Germanium
52%
50 Sn Tenn
52%
56 Ba Barium
50%
53 I Jod
50%
21 Sc Skandium
50%
88 Ra Radium
48%
55 Cs Cesium
46%
36 Kr Krypton
46%
39 Y Yttrium
44%
87 Fr Francium
41%
48 Cd Kadmium
40%
46 Pd Palladium
40%
37 Rb Rubidium
40%
38 Sr Strontium
39%
23 V Vanadin
39%
74 W Volfram
38%
99 Es Einsteinium
37%
94 Pu Plutonium
37%
78 Pt Platina
36%
49 In Indium
35%
84 Po Polonium
34%
42 Mo Molybden
33%
76 Os Osmium
33%
52 Te Tellur
30%
72 Hf Hafnium
29%
57 La Lantan
29%
41 Nb Niob
29%
70 Yb Ytterbium
29%
40 Zr Zirkonium
29%
77 Ir Iridium
28%
68 Er Erbium
26%
43 Tc Teknetium
26%
63 Eu Europium
25%
85 At Astat
24%
98 Cf Californium
24%
58 Ce Cerium
24%
93 Np Neptunium
24%
102 No Nobelium
24%
96 Cm Curium
23%
45 Ro Rodium
23%
65 Td Terbium
22%
83 Bi Vismut
22%
95 Am Americium
20%
67 Ho Holmium
20%
73 Ta Tantal
20%
90 Th Torium
20%
75 Re Rhenium
19%
111 Rg Röntgenium
18%
104 Rf Rutherfordium
18%
51 Sb Antimon
17%
118 Og Oganesson
17%
81 Tl Tallium
17%
89 Ac Aktinium
16%
103 Lr Lawrencium
16%
60 Nd Neodym
16%
64 Gd Gadolinium
15%
44 Ru Rutenium
15%
61 Pm Prometium
14%
66 Dy Dysprosium
13%
115 Mc Moskovium
13%
117 Ts Tenness
13%
107 Bh Bohrium
12%
100 Fm Fermium
12%
59 Pr Praseodym
12%
97 Bk Berkelium
11%
116 Lv Livermorium
11%
91 Pa Protaktinium
11%
62 Sm Samarium
11%
105 Db Dubnium
10%
108 Hs Hassium
10%
101 Md Mendelevium
10%
106 Sg Seaborgium
10%
69 Tm Tulium
10%
112 Cn Copernicium
9%
110 Ds Darmstadium
9%
114 Fl Flerovium
9%
113 Nh Nihonium
9%
71 Lo Lutetium
8%
109 Mt Meitnerium
8%
No matching quizzes found
Score Distribution
Percent of People with Each Score
Percentile by Number Answered
Your Score History
You have not taken this quiz